Escritos espirituales de la Carmelita Sor Teresa de Los Andes: Juanita Fernández Solar, 1900-1920

Uloženo v:
Podrobná bibliografie
Médium: Kniha
Jazyk:španělština
Vydáno: Santiago Imprenta San José 1971
Vydání:1a. ed
Témata:
Tagy: Přidat tag
Žádné tagy, Buďte první, kdo vytvoří štítek k tomuto záznamu!

MARC

LEADER 00000cam a2200000 a 4500
001 UCE3904
003 CL-VaPUC
008 141003e19710000cl |||||||||||||||||spa|d
082 0 4 |a 201  |b ESC  |2 21 
245 1 0 |a Escritos espirituales de la Carmelita Sor Teresa de Los Andes: Juanita Fernández Solar, 1900-1920 
250 |a 1a. ed 
300 |a 493 p 
942 |c BK 
945 |d 20141003 14:17:00  |a dcastane 
260 |a Santiago  |b Imprenta San José  |c 1971 
600 0 7 |a TERESA DE LOS ANDES  |2 CL-VaPUC  |9 529796 
650 0 |a Espiritualidad   |9 267331 
650 0 |a Vida cristiana  |9 258753 
583 |a last modification  |c 20141003 14:17:00  |k Rodrigo Vera 
999 |c 357021  |d 357019 
952 |0 0  |1 2  |3 erb  |4 0  |6 201_000000000000000_ESC_1971  |7 0  |8 A  |9 464828  |a BIBTEO  |b BIBTEO  |i 4999908  |o 201 ESC 1971  |p 4999908  |r 2019-11-23  |w 2019-11-23  |x Descarte 2019  |y BK  |z Catalogado en:20141003  |k ICR